000 00977nam2a2200265 4500
001 RU\NLR\bibl\1399979
005 20250615203829.0
010 _a5-86825-001-X
_9800
021 _aRU
_b2009-45257
_92752
035 _a(NLR Aleph) 001391987
090 _a1168064
_c1168064
100 _a20090811d2009 |||y0rusy50 ca
101 0 _arus
102 _aRU
105 _ay |||||||||
200 0 _aКн. 6
210 _d2009
_aБ. м.
215 _a303 с.
320 _aБиблиогр.: с. 293-294
461 0 _1001RU\NLR\bibl\141429
_12001#$aУдивительный народ из страны чудес$vКн. 6
_9792568
_aМамулов, С. С.
_cМ.
_d2000
_fС.С. Мамулов
_nБ.и.
_o(Армения и армяне - уник. феномен цивилиз. мира)
_tУдивительный народ из страны чудес
_vКн. 6
801 0 _aRU
_bNLR
_c20090811
_gRCR
801 1 _aRU
_bNLR
_c20090811
942 _cBOOK
980 _aNB